000
00334pab a2200145 454500
008
180718b1985 xxu||||| |||| 00| 0 eng d
100
_a
Bhatia, Gautam
245
_a
A city within the city
260
_c
1985
300
_a
25-30
362
_a
Aug.
650
_a
Architecture. Residential - India
773
_a
Seminar
909
_a
3990
999
_c
3990
_d
3990